000 00329 a2200157 4500
001 57102
020 _a8532519857
040 _cAnchieta - Pituba
100 _aLopes, Angélica
240 1 0 _aVida de modelo
_lpor
245 1 0 _aVida de modelo
300 _a131
362 0 _a2006
650 4 _aLiteratura juvenil
942 _cBK
999 _c57102
_d57102